Teoría de las estructuras / (Record no. 107258)

MARC details
000 -LEADER
campo de control de longitud fija 00569nam a2200169 4500
001 - NÚMERO DE CONTROL
campo de control 107258
003 - IDENTIFICADOR DE NÚMERO DE CONTROL
campo de control ES-MaACL
007 - CAMPO FIJO DE DESCRIPCIÓN FÍSICA--INFORMACIÓN GENERAL
campo de control de longitud fija t|
008 - DATOS DE LONGITUD FIJA--INFORMACIÓN GENERAL
campo de control de longitud fija 061121s1921 sp r ||||1| spa d
100 1# - ENTRADA PRINCIPAL--NOMBRE DE PERSONA
Nombre de persona Morley, Arthur.
9 (RLIN) 83601
245 10 - MENCIÓN DEL TÍTULO
Título Teoría de las estructuras /
Mención de responsabilidad, etc. Arthur Morley; traducida por José Serrat y Bonastre; con la colaboración de Tomás Costa y Coll.
260 ## - PUBLICACIÓN, DISTRIBUCIÓN, ETC.
Lugar de publicación, distribución, etc. Barcelona :
Nombre del editor, distribuidor, etc. Labor,
Fecha de publicación, distribución, etc. 1921.
300 ## - DESCRIPCIÓN FÍSICA
Extensión XV, 724 p. :
Otras características físicas il. ;
Dimensiones 22 cm.
700 1# - ENTRADA AGREGADA--NOMBRE PERSONAL
Nombre de persona Serrat y Bonastre, José.
9 (RLIN) 105817
700 1# - ENTRADA AGREGADA--NOMBRE PERSONAL
Nombre de persona Costa y Coll, Tomás.
9 (RLIN) 41122
852 ## - LOCALIZACIÓN
Ubicación ES-MaACL
Número de control de estantería B-2325
Holdings
Estatus retirado Estado de pérdida Estado de daño No para préstamo Biblioteca de origen Biblioteca actual Ubicación en estantería Fecha de adquisición Fuente de adquisición Total de préstamos Signatura topográfica completa Código de barras Visto por última vez Precio de reemplazo Tipo de ítem Koha
        Biblioteca del Ateneo de Madrid Biblioteca del Ateneo de Madrid Sala Pardo Bazán 17/01/2008     B-2325 1111947 23/02/2023 23/02/2023 Libro impreso